Дело о награждении исправляющего должность экстраординарного профессора Варшавской главной школы надворного советника Пильцицког...

Доступно только в Электронных читальных залах Найти на картеНа карте
RUSMARC
00003790nmc2a22002413x 450
001b4ad8926-7380-486b-998a-80f436f2519a
00520220226134046.0
100##$a20210930l18671868k l0rusy0189 ca
1010#$arus
102##$aRU
105##$ay###
1222#$ad
2001#$aДело о награждении исправляющего должность экстраординарного профессора Варшавской главной школы надворного советника Пильцицкого чином статского советника
$j18 сентября 1867 г. - 24 февраля 1868 г.
215##$a30 л.
$d36,5х26 см
251##$cДело
300##$aИнспекторский разряд
371##$aДокумент не является опубликованным и широко распространяемым
461#0$1001a74412a3-3cc5-4d21-8f0a-dfe2fbd9e72d
$12001
$aДепартамент народного просвещения Министерства народного просвещения (1803-1917)
$1251
$cФонд
$1852
$j733
462#0$1001def5ee04-6d5b-484d-b3fa-94cb22505477
$12001
$aДела разряда Варшавского учебного округа Министерства народного просвещения
$1251
$cОпись
$1852
$j198
801#0$aRU
$bРГИА
$c20210930
$gRCR
801#1$aRU
$bГлавНИВЦ
$c20210930
$2rusmarc
801#2$aRU
$bПБ им. Б.Н. Ельцина
$c20220226
$gRCR
$2rusmarc
850##$aРГИА
852##$aРГИА
$eФедеральное казенное учреждение "Российский государственный исторический архив" (РГИА)
$j79
937##$hРГИА
$d12369670
$aASBIBLIO_SCAN
035##$aRusGRCC00036199
856##$uhttp://readingroom.main.prlib.ru/item.aspx?id_node=n174634436&mode=full
Формат отображения